00867 2200313 4500001002100000005001500021008004100036035002000077041000700097082001000104084001600114090001600130100002700146245002400173260003000197300003100227990002500258990002400283990002500307990002500332990002500357990002500382990002500407990002500432990002400457990002400481990002400505990002400529INLIS00000000000043020230117103020230117 | | ind  a0010-0722000430 aid a631.8 a631.8 SET p a631.8 Set p1 aSetyamidjaja, Djoehana1 aPupuk dan Pemupukan aJakarta :bSimplex,c1986 a122 p.; fig.,bibl.; 21 cm. aC.25(1107/APP/Ha/90) aC.3(1085/APP/Ha/90) aC.34(1116/APP/Ha/90) ac.41(1123/APP/Ha/90) aC.42(1124/APP/Ha/90) aC.44(1126/APP/Ha/90) aC.46(1128/APP/Ha/90) aC.47(1129/APP/Ha/90) aC.5(1087/APP/Ha/90) aC.7(1089/APP/Ha/90) aC.8(1090/APP/Ha/90) aC.9(1091/APP/Ha/90)